[Event "Match"]
[Site "www.echecsemail.com"]
[Date "2017.10.03"]
[Round "1"]
[White "Ditto"]
[Black "Carazo"]
[WhiteElo "1860"]
[BlackElo "1760"]
[Result "0-1"]
[Round "1"]
1.e4 e5
2.Ng1f3 Nb8c6
3.Bf1c4 h6
4.d4 a5
5.d5 Nc6b4
6.O-O Ng8f6
7.Nb1c3 Bf8c5
8.a3 Nb4a6
9.Nf3xe5 O-O
10.Qd1f3 Bc5d4
11.Ne5d3 d6
12.Nc3e2 Bc8g4
13.Qf3g3 Na6c5
14.Ne2xd4 Nc5xe4
15.Qg3f4 g5
16.Qf4e3 Rf8e8
17.Nd4b5 Ne4c5
18.Qe3g3 Nc5e4
19.Qg3e3 Ne4c5
20.Qe3d2 Re8e2
21.Qd2c3 Nc5e4
22.Qc3b3 a4
23.Qb3b4 c5
24.Qb4e1 Re2xe1
25.Rf1xe1 Qd8a5
26.f3 Ne4d2
27.fxg4 Nd2xc4
28.Re1e7 Qa5xb5
29.Ra1b1 Nc4xa3
30.Re7e2 Na3xb1
31.h3 c4
32.Nd3f2 a3
33.bxa3 Nb1c3
34.Re2d2 Qb5b1
{ resign }
0-1

[Event "Match"]
[Site "www.echecsemail.com"]
[Date "2017.10.03"]
[Round "1"]
[White "Nimzo"]
[Black "Danquigley"]
[WhiteElo "2870"]
[BlackElo "2610"]
[Result "1-0"]
[Round "1"]
1.d4 Ng8f6
2.c4 g6
3.g3 Bf8g7
4.Bf1g2 d5
5.cxd5 Nf6xd5
6.e4 Nd5b4
7.a3 Nb4c6
8.d5 Nc6d4
9.Nb1c3 O-O
10.Ng1e2 Nd4xe2
11.Qd1xe2 b6
12.Bc1e3 Bc8a6
13.Qe2c2 Nb8d7
14.O-O-O Nd7e5
15.f4 Ne5c4
16.Rh1e1 Nc4xe3
17.Re1xe3 b5
18.e5 Ra8b8
19.Nc3e2 b4
20.Ne2d4 bxa3
21.Nd4c6 axb2
22.Kb1 Qd8d7
23.Nc6xb8 Rf8xb8
24.Re3b3 Rb8b6
25.Rb3xb6 axb6
26.Qc2c6 Qd7c8
27.Kxb2 Ba6b7
28.Qc6a4 Bg7f8
29.Bg2e4 Qc8h3
30.Rd1d2 Qh3c8
31.Rd2c2 Kg7
32.h4 Kh8
33.h5 gxh5
34.Rc2c3 Kg8
35.Be4b1 Bf8g7
36.Bb1a2 Bg7f8
37.Qa4c2 { resign }
1-0

[Event "Eq:Latinoamerica-Tigers of Istanbul : "]
[Site "www.chess-mail.com"]
[Date "2017.10.03"]
[Round "1"]
[White "Orhany24"]
[Black "Bjonil60"]
[WhiteElo "2110"]
[BlackElo "1430"]
[Result "1-0"]
[Round "1"]
1.e4 e5
2.Ng1f3 Nb8c6
3.Bf1c4 a6
4.c3 b5
5.Bc4b3 Ng8f6
6.O-O d6
7.h3 g6
8.Rf1e1 Qd8e7
9.d4 Nc6a7
10.Bc1g5 h6
11.Bg5h4 g5
12.Bh4g3 Nf6h5
13.Bg3h2 c6
14.dxe5 dxe5
15.Nb1d2 f6
16.a4 Bc8d7
17.axb5 cxb5
18.Nf3xe5 fxe5
19.Qd1xh5 Kd8
20.Nd2f3 Bf8g7
21.Re1d1 Rh8f8
22.Rd1d5 Qe7e6
23.Ra1d1 Rf8f7
24.Rd5xd7 Ke8
25.Bb3xe6 Kf8
26.Qh5xf7 
1-0

[Event "Fast Game"]
[Site "www.echecsemail.com"]
[Date "2017.10.03"]
[Round "1"]
[White "Pellix84"]
[Black "Apdash"]
[WhiteElo "1650"]
[BlackElo "1599"]
[Result "0-1"]
[Round "1"]
1.d4 d5
2.Bc1f4 Ng8f6
3.e3 Bc8f5
4.Ng1f3 e6
5.h3 Nf6e4
6.Bf1d3 Bf8d6
7.Bf4xd6 cxd6
8.Nb1d2 Nb8d7
9.Bd3b5 a6
10.Nd2xe4 Bf5xe4
11.Bb5d3 Nd7f6
12.O-O h6
13.c4 O-O
14.cxd5 Be4xd5
15.Rf1e1 Ra8c8
16.a3 Qd8b6
17.Re1e2 Bd5xf3
18.gxf3 Qb6a5
19.f4 Qa5h5
20.Qd1f1 Kh8
21.f3 Rf8g8
22.Kf2 Qh5h4
23.Kg2 g5
24.Qf1h1 Nf6h5
25.f5 Nh5g3
26.Qh1h2 Ng3xe2
27.Bd3xe2 Rc8c2
28.Kf1 Rg8c8
29.Ra1d1 Rc2xb2
30.fxe6 fxe6
31.Rd1e1 Rc8c2
32.Qh2g2 Rc2xe2
33.Qg2xe2 Qh4xh3
34.Kg1 Rb2xe2
35.Re1xe2 Qh3xf3
{ resign }
0-1

[Event "Tourn. n9532"]
[Site "www.chess-mail.com"]
[Date "2017.10.04"]
[Round "1"]
[White "Luban"]
[Black "Ssharp"]
[WhiteElo "2090"]
[BlackElo "2200"]
[Result "0-1"]
[Round "1"]
1.d4 d5
2.Ng1f3 Ng8f6
3.h3 Bc8f5
4.e3 e6
5.a3 c5
6.c4 Bf5xb1
7.Ra1xb1 Nb8c6
8.dxc5 Bf8xc5
9.b4 Bc5d6
10.Bc1b2 O-O
11.Bf1d3 Qd8e7
12.O-O Rf8d8
13.Qd1c2 h6
14.Bb2xf6 Qe7xf6
15.b5 Nc6e5
16.Nf3xe5 Qf6xe5
17.g3 dxc4
18.Bd3xc4 Ra8c8
19.Qc2b3 h5
20.f4 Qe5f5
21.Kg2 Qf5e4
{ resign }
0-1

[Event "Tourn. n9478"]
[Site "www.chess-mail.com"]
[Date "2017.10.04"]
[Round "1"]
[White "Ff333"]
[Black "Luban"]
[WhiteElo "2100"]
[BlackElo "2150"]
[Result "0-1"]
[Round "1"]
1.e4 c5
2.d4 cxd4
3.Qd1xd4 Nb8c6
4.Qd4d1 d6
5.Bf1b5 Bc8d7
6.Ng1f3 e6
7.O-O h6
8.Nb1c3 Ng8f6
9.Rf1e1 Bf8e7
10.e5 dxe5
11.Bb5xc6 Bd7xc6
12.Nf3xe5 Ra8c8
13.Bc1e3 a6
14.Qd1xd8 Be7xd8
15.a3 O-O
16.Ra1d1 Bd8e7
17.Rd1d2 Rf8d8
 { time }
0-1

[Event "Tourn. n9496"]
[Site "www.chess-mail.com"]
[Date "2017.10.04"]
[Round "1"]
[White "Seger"]
[Black "Coolant"]
[WhiteElo "2690"]
[BlackElo "2290"]
[Result "1-0"]
[Round "1"]
1.b4 e6
2.Bc1b2 Ng8f6
3.a3 a5
4.b5 b6
5.Ng1f3 Bc8b7
6.c4 c5
7.bxc6 Nb8xc6
8.d4 d5
9.e3 Bf8d6
10.cxd5 exd5
11.Bf1d3 O-O
12.Nb1c3 Rf8e8
13.O-O Nf6e4
14.Ra1c1 Ra8c8
15.Nc3xd5 Bd6xh2
16.Nf3xh2 Qd8xd5
17.f3 Ne4g3
18.Rf1e1 Qd5g5
19.Qd1b3 Rc8b8
20.Bd3c4 Qg5g6
21.d5 Nc6e5
22.Bc4b5 Re8e7
23.e4 Rb8c8
24.Rc1xc8 Bb7xc8
25.Bb2xe5 Re7xe5
26.Qb3c3 { resign }
1-0

[Event "Tourn. n9525"]
[Site "www.chess-mail.com"]
[Date "2017.10.04"]
[Round "1"]
[White "Amaya"]
[Black "Roque1"]
[WhiteElo "2070"]
[BlackElo "1930"]
[Result "1-0"]
[Round "1"]
1.d4 d5
2.e3 Ng8f6
3.Bf1d3 Nb8c6
4.c3 Bc8g4
5.f3 Bg4h5
6.Ng1e2 e6
7.Ne2f4 Bf8d6
8.Nf4xh5 Nf6xh5
9.f4 Qd8h4
10.Kd2 O-O-O
11.Qd1f3 f5
12.Kc2  { time }
1-0

[Event "Tourn. n9465"]
[Site "www.chess-mail.com"]
[Date "2017.10.04"]
[Round "1"]
[White "Vios"]
[Black "Azulmarino"]
[WhiteElo "1559"]
[BlackElo "1580"]
[Result "1-0"]
[Round "1"]
1.e4 e5
2.f4 d6
3.Ng1f3 exf4
4.d4 Bc8g4
5.Bc1xf4 Ng8f6
6.Nb1c3 a6
7.h3 Bg4d7
8.Bf1c4 h6
9.Qd1d2 Bf8e7
10.O-O-O Be7f8
11.g4 Nb8c6
12.e5 dxe5
13.dxe5 Nf6g8
14.Bc4xf7 Kxf7
15.Qd2xd7 Ng8e7
16.e6 Kg8
17.Bf4xc7 Qd8xd7
18.exd7 g5
19.d8Q Nc6xd8
20.Rd1xd8 Ra8c8
21.Rd8xc8 Ne7xc8
22.Nf3e5 Rh8h7
23.Nc3d5 Bf8d6
24.Bc7xd6 Nc8xd6
25.Nd5f6 Kg7
26.Nf6xh7 Kxh7
27.Rh1d1 Nd6e4
28.Rd1d7 Kg8
29.Rd7xb7 Ne4c5
30.Rb7c7 Nc5e4
31.Rc7c6 a5
32.Rc6xh6 Kg7
33.Rh6a6 Ne4f2
34.Ra6xa5 Nf2xh3
35.Ne5f3 Nh3f2
36.a4 Nf2xg4
37.Ra5xg5 { resign }
1-0

[Event "Tourn. n9533"]
[Site "www.chess-mail.com"]
[Date "2017.10.04"]
[Round "1"]
[White "Osopanda"]
[Black "Dussek"]
[WhiteElo "1730"]
[BlackElo "1790"]
[Result "0-1"]
[Round "1"]
1.e4 e6
2.d4 d5
3.e5 c5
4.c3 Nb8c6
5.Ng1f3 Qd8b6
6.Nb1a3 a6
7.Bf1d3 cxd4
8.cxd4 { time. }
0-1

[Event "Tourn. n9510"]
[Site "www.chess-mail.com"]
[Date "2017.10.04"]
[Round "1"]
[White "Luban"]
[Black "Ssharp"]
[WhiteElo "2100"]
[BlackElo "2190"]
[Result "0-1"]
[Round "1"]
1.d4 d5
2.Ng1f3 Ng8f6
3.h3 Bc8f5
4.e3 e6
5.a3 Bf8e7
6.c4 O-O
7.Nb1c3 c6
8.Bf1d3 Bf5xd3
9.Qd1xd3 Nb8d7
10.O-O a6
11.e4 dxe4
12.Nc3xe4 Nf6xe4
13.Qd3xe4 Nd7f6
14.Qe4c2 Qd8a5
15.Bc1d2 Qa5c7
16.Bd2c3 Rf8d8
17.Ra1d1 Ra8c8
18.Nf3e5 Qc7b8
19.Rf1e1 Nf6d7
20.f4 Qb8a7
21.Kh1 Nd7xe5
22.fxe5 Rd8d7
23.Re1e3 Rc8d8
24.Re3g3 g6
25.Qc2e4 Qa7b8
26.h4 f5
27.exf6 Qb8xg3
28.Qe4xe6 Kf8
29.fxe7 Rd7xe7
30.Bc3b4 Qg3xh4
31.Kg1 Ke8
32.Qe6xe7 Qh4xe7
33.Bb4xe7 Kxe7
34.Kf2 Kf6
35.Kf3 h5
36.Ke3 g5
37.Rd1f1 Kg6
38.Rf1f3 g4
39.Rf3f4 Kg5
40.Rf4f7 Kh4
41.Rf7xb7 Kg3
42.Rb7h7 h4
43.b4 Rd8e8
44.Kd3 Re8g8
45.d5 cxd5
46.cxd5 h3
47.gxh3 gxh3
48.Rh7e7 h2
49.Re7e3 Kh4
50.Re3e7 Kh3
{ resign }
0-1

[Event "Tourn. n9547"]
[Site "www.chess-mail.com"]
[Date "2017.10.04"]
[Round "1"]
[White "Luban"]
[Black "Bojan"]
[WhiteElo "2060"]
[BlackElo "2050"]
[Result "1-0"]
[Round "1"]
1.d4 d5
2.Ng1f3 a6
3.h3 h6
4.e3 Nb8c6
5.c4 Ng8f6
6.a3 e6
7.Nb1c3 Bc8d7
8.Bf1d3 dxc4
9.Bd3xc4 Nc6a5
10.Bc4a2 Bf8d6
11.e4 Bd6e7
12.b4 Na5c6
13.Bc1b2 Nc6a7
14.O-O Nf6h7
15.Rf1e1 f6
16.Nf3h4 O-O
17.Qd1g4 Nh7g5
18.f4 Ng5f7
19.Ra1d1 Qd8c8
20.f5 Nf7g5
21.Nh4g6 Rf8e8
22.Ng6f4 Kh8
23.fxe6 Bd7b5
24.h4 Ng5h7
25.d5 Kg8
26.Nc3xb5 Na7xb5
27.Nf4h5 g5
28.e5 Re8f8
29.d6 cxd6
30.exd6 Nb5xd6
31.Rd1xd6 Qc8c2
32.Re1e2 f5
33.Re2xc2 fxg4
34.Rd6d7 Nh7f6
35.Nh5xf6 { resign }
1-0

[Event "Tourn. n9551"]
[Site "www.chess-mail.com"]
[Date "2017.10.04"]
[Round "1"]
[White "Tonino1"]
[Black "Apdash"]
[WhiteElo "2170"]
[BlackElo "2070"]
[Result "1/2-1/2"]
[Round "1"]
1.d4 d5
2.f4 c5
3.e3 Nb8c6
4.c3 Bc8f5
5.Bf1d3 Bf5xd3
6.Qd1xd3 e6
7.Ng1f3 Ng8h6
8.O-O cxd4
9.exd4 Bf8e7
10.Nb1d2 Nh6f5
11.Nf3e5 O-O
12.Nd2f3 Nf5d6
13.Nf3g5 Be7xg5
14.Ne5xc6 bxc6
15.fxg5 Nd6e4
16.h4 f6
17.gxf6 Rf8xf6
18.Bc1f4 Rf6g6
19.h5 Rg6g4
20.Qd3h3 Qd8h4
21.Qh3xh4 Rg4xh4
22.h6 gxh6
23.g3 Rh4g4
24.Kh2 Kg7
25.Bf4e5 Kg6
26.Rf1f3 Rg4g5
27.Ra1h1 Rg5f5
28.Rf3f4 Ra8f8
29.Rh1f1 Rf5xf4
30.Rf1xf4 Rf8xf4
31.Be5xf4 c5
32.dxc5 Ne4xc5
33.Bf4e3 Nc5a4
34.Be3xa7 Na4xb2
35.Ba7d4 Nb2a4
36.g4 Kg5
37.Kg3 h5
38.gxh5 Kxh5
39.Kf4 Kg6
40.Ke5 Kf7
41.Kf4 { draw }
1/2-1/2

[Event "Match"]
[Site "www.echecsemail.com"]
[Date "2017.10.04"]
[Round "1"]
[White "Pinehill"]
[Black "Redemption"]
[WhiteElo "2100"]
[BlackElo "1499"]
[Result "1-0"]
[Round "1"]
1.e4 g6
2.d4 c6
3.Ng1f3 Bf8g7
4.Bf1d3 f6
5.O-O e6
6.e5 Ng8e7
7.c4 O-O
8.Qd1c2 Ne7f5
9.Bd3xf5 gxf5
10.exf6 Bg7xf6
11.Nb1c3 b6
12.Bc1h6 Bf6g7
13.Bh6xg7 Kxg7
14.Rf1e1 Bc8a6
15.b3 d6
16.Re1xe6 Rf8f6
17.Nf3g5 Ba6c8
18.Re6xf6 Qd8xf6
19.Ng5f3 Nb8a6
20.a3 Bc8b7
21.Ra1e1 Kf8
22.g3 c5
23.d5 Ra8e8
24.Re1xe8 Kxe8
25.Nf3h4 Bb7c8
26.Nc3b5 Qf6a1
27.Kg2 { resign }
1-0

[Event "Match"]
[Site "www.echecsemail.com"]
[Date "2017.10.04"]
[Round "1"]
[White "Billyg"]
[Black "Redemption"]
[WhiteElo "1740"]
[BlackElo "1499"]
[Result "1-0"]
[Round "1"]
1.e4 g6
2.Ng1f3 Bf8g7
3.d4 d6
4.Nb1c3 c6
5.h3 Ng8f6
6.Qd1e2 O-O
7.Bc1g5 Nb8d7
8.e5 dxe5
9.O-O-O h6
10.Bg5h4 g5
11.Bh4g3 Nf6d5
12.dxe5 e6
13.Nc3xd5 exd5
14.e6 fxe6
15.Qe2xe6 Rf8f7
16.Rd1e1 Nd7f8
17.Qe6e3 Rf7e7
18.Qe3xe7 { resign }
1-0

[Event "Match"]
[Site "www.echecsemail.com"]
[Date "2017.10.04"]
[Round "1"]
[White "Apdash"]
[Black "Fangshuo"]
[WhiteElo "2100"]
[BlackElo "2070"]
[Result "1-0"]
[Round "1"]
1.d4 d5
2.Ng1f3 c5
3.e3 c4
4.b3 b5
5.a4 Bc8a6
6.axb5 Ba6xb5
7.bxc4 Bb5xc4
8.Bf1xc4 dxc4
9.c3 e6
10.Qd1a4 Nb8d7
11.Qa4xc4 Ng8f6
12.Nb1a3 Ra8c8
13.Qc4d3 Qd8a5
14.Bc1b2 Nd7b6
15.Na3c4 Qa5d5
16.Nc4xb6 axb6
17.Qd3a6 Qd5c6
18.O-O Bf8d6
19.Bb2a3 O-O
20.Ba3xd6 Qc6xd6
21.c4 Nf6e4
22.Qa6b7 f5
23.Ra1a7 Rc8c7
24.Qb7xc7 Qd6xc7
25.Ra7xc7 Ne4d6
26.c5 bxc5
27.dxc5 { resign }
1-0

[Event "Match"]
[Site "www.echecsemail.com"]
[Date "2017.10.04"]
[Round "1"]
[White "Tonino1"]
[Black "Apdash"]
[WhiteElo "2170"]
[BlackElo "2040"]
[Result "1-0"]
[Round "1"]
1.d4 d5
2.f4 Ng8f6
3.e3 e6
4.Ng1f3 Bf8e7
5.Bf1d3 Nb8d7
6.O-O c5
7.c3 Nf6e4
8.Nb1d2 Nd7f6
9.Qd1c2 Ne4xd2
10.Bc1xd2 c4
11.Bd3e2 Nf6e4
12.Be2xc4 Ne4xd2
13.Bc4b5 Bc8d7
14.Bb5xd7 Qd8xd7
15.Qc2xd2 O-O
16.Nf3e5 Qd7c7
17.Rf1f3 f5
18.b3 b5
19.Ra1c1 a5
20.c4 bxc4
21.bxc4 dxc4
22.Rc1xc4 Qc7b7
23.Rf3f1 Be7b4
24.Qd2c2 Ra8c8
25.Ne5c6 Rf8e8
26.Rf1c1 Rc8a8
27.Qc2b3 Qb7a6
28.Nc6xb4 axb4
29.Rc4xb4 Qa6e2
30.a4 Re8e7
31.Rb4c4 Ra8a7
32.Rc4c5 Kf7
33.Rc5xf5 Kg6
34.Rf5e5 Kf6
35.Rc1f1 Ra7b7
36.Re5xe6 Re7xe6
37.Qb3xb7 Qe2xe3
38.Kh1 Qe3xd4
39.a5 Qd4c4
40.Qb7b2 Kf7
41.Qb2c1 Qc4a6
42.f5 Re6e5
43.Qc1c7 Re5e7
44.Qc7c1 Re7e5
45.Rf1d1 Qa6xa5
46.Rd1d7 Kf6
47.Qc1c6 Kxf5
48.Rd7f7 Kg5
49.Rf7xg7 Kf5
50.Rg7f7 Kg4
51.Qc6f3 Kg5
52.Qf3f4 Kg6
53.Qf4f6 Kh5
54.Rf7xh7 Kg4
55.Rh7h4 { resign }
1-0

[Event "1/64 Finale"]
[Site "www.chess-mail.com"]
[Date "2017.10.04"]
[Round "1"]
[White "Mitja"]
[Black "Guidom"]
[WhiteElo "1990"]
[BlackElo "2140"]
[Result "0-1"]
[Round "1"]
1.d4 d5
2.e3 c6
3.c3 Bc8f5
4.h3 h6
5.Bf1d3 Bf5xd3
6.Qd1xd3 Ng8f6
7.Nb1d2 Nb8d7
8.Ng1f3 e6
9.b3 Bf8d6
10.Bc1b2 a6
11.c4 O-O
12.O-O Rf8e8
13.c5 Bd6c7
14.a4 e5
15.Nf3xe5 Nd7xe5
16.dxe5 Bc7xe5
17.Bb2xe5 Re8xe5
18.Nd2f3 Re5e4
19.Nf3d4 Qd8e8
20.b4 Nf6d7
21.a5 Nd7e5
22.Qd3e2 Ne5c4
23.Rf1e1 Qe8e5
24.Ra1b1 Ra8e8
25.Rb1b3 Re4xd4
26.Rb3d3 Rd4xd3
27.Qe2xd3 Qe5e4
28.Re1d1 Qe4xd3
29.Rd1xd3 Re8e4
30.Kf1 Nc4e5
31.Rd3b3 Re4c4
32.Ke2 Rc4c2
33.Ke1 f5
34.Kf1 Kf7
35.Ke1 Ke6
36.Kf1 Ne5c4
37.Ke1 Rc2b2
38.Rb3xb2 Nc4xb2
39.Kd2 Nb2c4
40.Kc3 Ke5
41.Kd3 g5
42.g3 f4
43.e4 Nc4b2
44.Kc3 Nb2d1
{ resign }
0-1

[Event "Fast Game"]
[Site "www.echecsemail.com"]
[Date "2017.10.04"]
[Round "1"]
[White "Apdash"]
[Black "Apoorva"]
[WhiteElo "1599"]
[BlackElo "1599"]
[Result "1-0"]
[Round "1"]
1.d4 d5
2.Ng1f3 Nb8c6
3.e3 Ng8f6
4.c4 Bc8e6
5.cxd5 Be6xd5
6.Nb1c3 e6
7.Nc3xd5 Qd8xd5
8.Bf1e2 Bf8d6
9.Bc1d2 O-O
10.O-O Ra8d8
11.b3 b6
12.Ra1c1 Nc6a5
13.Qd1c2 Rd8d7
14.Be2d3 g6
15.e4 Qd5h5
16.e5 Bd6e7
17.exf6 Be7xf6
18.Bd2e3 Rf8d8
19.Bd3e2 Qh5f5
20.Be2d3 Qf5h5
21.Bd3e4  { time }
1-0

[Event "Fast Game"]
[Site "www.echecsemail.com"]
[Date "2017.10.04"]
[Round "1"]
[White "Apdash"]
[Black "Libiesse"]
[WhiteElo "1599"]
[BlackElo "1660"]
[Result "1-0"]
[Round "1"]
1.e4 c5
2.Ng1f3 e6
3.d4 cxd4
4.Nf3xd4 Ng8f6
5.Bf1d3 Nb8c6
6.c3 d6
7.O-O Bf8e7
8.Bc1g5 O-O
9.Qd1e2 Qd8b6
10.Bg5e3 Qb6c7
11.Nb1d2 Bc8d7
12.Ra1c1 a6
13.f4 d5
14.e5 Nf6e8
15.Qe2h5 g6
16.Qh5h6 Ne8g7
17.h4 Rf8e8
18.Nd2f3 Qc7d8
19.g4 Be7f8
20.Nf3g5  { time }
1-0

[Event "Tourn. n9464"]
[Site "www.chess-mail.com"]
[Date "2017.10.05"]
[Round "1"]
[White "Attatroll"]
[Black "Roque1"]
[WhiteElo "1990"]
[BlackElo "1980"]
[Result "1-0"]
[Round "1"]
1.e4 c5
2.Nb1c3 e6
3.g4 d6
4.Bf1g2 Nb8c6
5.h3 Bf8e7
6.d3 Ng8f6
7.Ng1f3 O-O
8.O-O b6
9.Bc1e3 Bc8b7
10.a3 d5
11.exd5 exd5
12.Nc3e2 d4
13.Be3f4 Be7d6
14.Bf4xd6 Qd8xd6
15.Ne2g3 Ra8e8
16.Ng3f5 Qd6f4
17.Qd1d2 Qf4b8
18.Qd2g5 g6
19.Nf5h6 Kg7
20.Nh6f5 Kg8
21.Nf3h4 Nc6e7
22.Nf5xe7 Re8xe7
23.Qg5xf6 Re7e6
24.Qf6g5 Bb7xg2
25.Nh4xg2 Rf8e8
26.Ra1e1 f6
27.Qg5d5 Qb8c8
28.Re1xe6 Qc8xe6
29.Qd5xe6 Re8xe6
30.Ng2f4 Re6e8
31.Nf4d5 Kf7
32.f4  { time }
1-0

[Event "Tourn. n9539"]
[Site "www.chess-mail.com"]
[Date "2017.10.05"]
[Round "1"]
[White "Dussek"]
[Black "Caspito"]
[WhiteElo "1770"]
[BlackElo "1850"]
[Result "1-0"]
[Round "1"]
1.b3 d5
2.Bc1b2 Nb8c6
3.Ng1f3 f6
4.e3 e5
5.Bf1b5 Bc8g4
6.Bb5e2 Nc6b4
7.O-O Bf8d6
8.a3 Nb4xc2
9.Qd1xc2 Qd8e7
10.Nb1c3 Qe7e6
11.Nc3b5 e4
12.Nf3d4 Qe6e5
13.Nb5xd6 Qe5xd6
14.Be2xg4 g6
15.Nd4e6 f5
16.Bb2xh8 Qd6xe6
17.Bg4e2 O-O-O
18.Bh8d4 Kb8
19.a4 Ng8e7
20.Ra1c1 Ne7c6
21.Bd4c5 f4
22.b4 g5
23.b5 Nc6a5
24.Bc5b4 f3
25.Qc2xc7 { resign }
1-0

[Event "Tourn. n9527"]
[Site "www.chess-mail.com"]
[Date "2017.10.05"]
[Round "1"]
[White "Bojan"]
[Black "Amaya"]
[WhiteElo "1990"]
[BlackElo "2070"]
[Result "0-1"]
[Round "1"]
1.e4 Nb8c6
2.d4 e6
3.c3 d5
4.Bf1d3 dxe4
5.Bd3xe4 Bc8d7
6.Ng1f3 Ng8f6
7.Be4d3 Bf8d6
8.Nb1d2 O-O
9.Nd2c4 Bd6e7
10.h3 Nf6d5
11.Nf3e5 Nc6xe5
12.Nc4xe5 a6
13.Bd3e4 Ra8b8
14.c4 Nd5f6
15.Be4d3 Bd7c8
16.Ne5g4 h6
17.O-O Nf6xg4
18.hxg4 Be7d6
19.g3 c6
20.c5 Bd6c7
21.Bc1e3 e5
22.Bd3e4 exd4
23.Be3xd4 Qd8g5
24.Be4f3 Rf8d8
25.Qd1a4 Bc8xg4
26.Bd4e3 Qg5g6
27.Bf3xg4 h5
28.Bg4h3 Bc7xg3
29.Bh3g2 Bg3e5
30.Ra1b1 Rd8d7
31.Qa4c4 Rb8d8
32.Qc4e2 Rd7e7
33.b4 Be5f4
34.Rb1b3 h4
35.Qe2f3 Bf4xe3
36.Rb3xe3 Re7e6
37.Kh1 Re6f6
38.Qf3h3 Qg6g5
39.Re3e2 g6
40.Qh3h2 Kg7
41.f3 Qg5f5
42.Bg2h3 Qf5d3
43.Bh3g4 Qd3c4
44.a3 Qc4d3
45.Re2e7 Qd3xf1
46.Qh2g1 Qf1xg1
47.Kxg1 Rd8d1
48.Kg2 Rd1a1
49.Re7xb7 Ra1xa3
50.Rb7b6 Ra3b3
51.Rb6xa6 Rb3xb4
52.Bg4d7 Rb4b5
53.Ra6xc6 Rf6xc6
54.Bd7xc6 Rb5xc5
55.Bc6b7 Kf6
56.Kh3 g5
57.Kg4 Rc5c4
58.Kh3 Ke5
59.Bb7a8 Kf4
60.Ba8b7 Rc4c3
61.Kg2 Rc3c2
62.Kg1 h3
63.Kh1 Rc2f2
64.Bb7c6 Rf2xf3
65.Bc6xf3 Kxf3
66.Kg1 g4
67.Kh2 f6
68.Kg1 g3
69.Kh1 Ke2
70.Kg1 f5
71.Kh1 f4
72.Kg1 f3
73.Kh1 Ke1
74.Kg1 f2
{ resign }
0-1

[Event "Tourn. n9537"]
[Site "www.chess-mail.com"]
[Date "2017.10.05"]
[Round "1"]
[White "Falcoale"]
[Black "Bojan"]
[WhiteElo "2000"]
[BlackElo "2000"]
[Result "1-0"]
[Round "1"]
1.e4 e5
2.Ng1f3 Nb8c6
3.Bf1c4 h6
4.O-O Bf8c5
5.a3 d6
6.b4 Bc5b6
7.Nb1c3 a6
8.Bc1b2 Qd8f6
9.Nc3d5 Qf6d8
10.Nd5xb6 cxb6
11.d4 Ng8e7
12.dxe5 dxe5
13.Qd1xd8 Nc6xd8
14.Nf3xe5 Nd8e6
15.f4 f6
16.f5 Ne6g5
17.Ra1e1 Ne7c6
18.Ne5g6 Kd8
19.Ng6xh8 Nc6e7
20.e5 Ne7xf5
21.Nh8f7 { resign }
1-0

[Event "Tourn. n9478"]
[Site "www.chess-mail.com"]
[Date "2017.10.05"]
[Round "1"]
[White "Picifarkinca"]
[Black "Ff333"]
[WhiteElo "2040"]
[BlackElo "2100"]
[Result "1-0"]
[Round "1"]
1.b3 e5
2.Bc1b2 e4
3.e3 d5
4.c4 Ng8f6
5.g3 Bf8c5
6.Bf1g2 c6
7.d4 exd3
8.Qd1xd3 O-O
9.Ng1e2 Nb8d7
10.Nb1d2 Nd7b6
11.Ra1d1  { time }
1-0

[Event "Tourn. n9510"]
[Site "www.chess-mail.com"]
[Date "2017.10.05"]
[Round "1"]
[White "Falcoale"]
[Black "Luban"]
[WhiteElo "2010"]
[BlackElo "2100"]
[Result "0-1"]
[Round "1"]
1.e4 c5
2.Ng1f3 d6
3.b3 e6
4.Bc1b2 Ng8f6
5.d3 Nb8c6
6.Nb1c3 a6
7.h3 b5
8.Nc3e2 Bc8b7
9.Bb2xf6 Qd8xf6
10.Ne2g3 Qf6c3
11.Nf3d2 Bf8e7
12.Bf1e2 Be7g5
13.O-O Qc3xd2
14.Qd1xd2 Bg5xd2
15.Ra1b1 Nc6b4
16.Rf1d1 Bd2c3
17.a3 Nb4a2
18.Be2f3 Bc3f6
19.Rd1e1 Na2c3
20.Rb1c1 O-O
21.e5 Bb7xf3
22.exf6 Bf3c6
23.fxg7 Kxg7
24.Re1e3 d5
25.Ng3e2 Nc3xe2
26.Re3xe2 d4
27.Re2e5 Bc6d5
28.Re5g5 Kh6
29.Rg5g3 Rf8g8
30.Rc1e1 Rg8xg3
31.fxg3 Ra8g8
32.g4 f6
33.Re1f1 Kg6
34.h4 f5
35.g5 h6
36.gxh6 Kxh6
37.Rf1f2 Rg8g4
38.g3 Rg4xg3
39.Kh2 Rg3g4
{ resign }
0-1

[Event "Tourn. n9560"]
[Site "www.chess-mail.com"]
[Date "2017.10.05"]
[Round "1"]
[White "Apdash"]
[Black "Tonino1"]
[WhiteElo "2100"]
[BlackElo "2190"]
[Result "0-1"]
[Round "1"]
1.e4 d6
2.d4 Ng8f6
3.f3 g6
4.Bf1d3 Bf8g7
5.Ng1e2 O-O
6.Bc1e3 c6
7.O-O Qd8c7
8.c4 Nb8d7
9.Nb1c3 e5
10.f4 Nf6g4
11.Be3d2 exd4
12.Nc3b1 Nd7c5
13.Qd1c2 Ng4e3
14.Bd2xe3 dxe3
15.Rf1f3 Nc5xd3
16.Nb1c3 Nd3c5
17.Rf3xe3 Bc8e6
18.b3 Rf8e8
19.Ra1f1 f5
20.exf5 Be6xf5
21.Qc2d2 Nc5e4
22.Nc3xe4 Bf5xe4
23.Kh1 Qc7e7
24.Ne2g3 Be4xg2
25.Kxg2 Qe7xe3
26.Rf1f2 Qe3xd2
27.Rf2xd2 Ra8d8
28.Kf3 c5
29.Rd2d5 Bg7d4
30.Ng3e4 Re8e6
31.b4 b6
32.h4 Re6xe4
33.Kxe4 Rd8e8
34.Kf3 Re8e3
35.Kg4 h5
36.Kg5 Re3g3
37.Kh6 Bd4g7
{ resign }
0-1

[Event "Tourn. n9538"]
[Site "www.chess-mail.com"]
[Date "2017.10.05"]
[Round "1"]
[White "Nulladies"]
[Black "Cjood"]
[WhiteElo "1920"]
[BlackElo "1980"]
[Result "1-0"]
[Round "1"]
1.d4 e6
2.Bc1f4 d6
3.e3 Bf8e7
4.c3 Bc8d7
5.Ng1f3 h6
6.h3 g5
7.Bf4h2 Ng8f6
8.Nb1d2  { time }
1-0

[Event "Tourn. n9509"]
[Site "www.chess-mail.com"]
[Date "2017.10.05"]
[Round "1"]
[White "Stepanpech"]
[Black "Fantomas"]
[WhiteElo "2590"]
[BlackElo "2190"]
[Result "0-1"]
[Round "1"]
1.d4 d5
2.c4 e6
3.Nb1c3 Ng8f6
4.Bc1g5 Bf8e7
5.e3 O-O
6.Ng1f3 h6
7.Bg5h4 c6
8.Bf1d3 Nb8d7
9.O-O b6
10.cxd5 cxd5
11.Ra1c1 Nf6e8
12.Bh4g3 Nd7f6
13.Nf3e5 Bc8b7
14.a3 Ne8d6
15.Nc3b5 { time. }
0-1

[Event "Tourn. n9458"]
[Site "www.chess-mail.com"]
[Date "2017.10.05"]
[Round "1"]
[White "Astroboy"]
[Black "Coolant"]
[WhiteElo "2300"]
[BlackElo "2290"]
[Result "1-0"]
[Round "1"]
1.e4 Nb8c6
2.d4 d5
3.e5 f6
4.f4 Bc8f5
5.Ng1f3 e6
6.c3 Bf5e4
7.Bf1b5 Qd8d7
8.O-O f5
9.Bc1e3 Ng8h6
10.h3 Bf8e7
11.Nb1d2 O-O
12.Be3f2 a6
13.Bb5e2 Nh6f7
14.Bf2e3 Kh8
15.a4 Rf8g8
16.Nf3g5 Ra8f8
17.b4 Nc6d8
18.Rf1f2 h6
19.Ng5xe4 dxe4
20.Nd2b3 g5
21.Nb3c5 Be7xc5
22.bxc5 Rg8g7
23.Ra1b1 Rf8g8
24.Be2h5 c6
25.Kh2 Kh7
26.Rf2b2 Qd7e7
27.g3 Nf7h8
28.Qd1d2 Nh8f7
29.Rb2b6 Qe7d7
30.c4 gxf4
31.Be3xf4 Nf7g5
32.Rb6b3 e3
33.Qd2xe3 Ng5e4
34.g4 { resign }
1-0

[Event "Tourn. n9500"]
[Site "www.chess-mail.com"]
[Date "2017.10.05"]
[Round "1"]
[White "Michel93"]
[Black "Hundegana"]
[WhiteElo "1809"]
[BlackElo "1950"]
[Result "0-1"]
[Round "1"]
1.d4 f5
2.Ng1f3 d6
3.g3 Ng8f6
4.Bf1g2 g6
5.b3 Bf8g7
6.Bc1b2 d5
7.Nb1d2 O-O
8.O-O c6
9.Nf3e5 Nb8d7
10.Ne5d3 a5
11.c4 e6
12.Nd2f3 b5
 { time }
0-1

[Event "Tourn. n9543"]
[Site "www.chess-mail.com"]
[Date "2017.10.05"]
[Round "1"]
[White "Fantomas"]
[Black "Aperturaf"]
[WhiteElo "2220"]
[BlackElo "2630"]
[Result "0-1"]
[Round "1"]
1.e4 e6
2.d4 d5
3.e5 c5
4.c3 Nb8c6
5.Ng1f3 Qd8b6
6.Bf1e2 cxd4
7.cxd4 Ng8h6
8.Nb1c3 Nh6f5
9.Be2b5 Bc8d7
10.Bb5xc6 Bd7xc6
11.O-O Ra8c8
12.Qd1d3 Bc6d7
13.a3 a6
14.Rf1e1 Bf8e7
15.Ra1b1 O-O
16.Bc1d2 h6
17.h3 Qb6b3
18.g4 Bd7b5
{ resign }
0-1

[Event "Tourn. n9560"]
[Site "www.chess-mail.com"]
[Date "2017.10.05"]
[Round "1"]
[White "Apdash"]
[Black "Bojan"]
[WhiteElo "2110"]
[BlackElo "2030"]
[Result "1-0"]
[Round "1"]
1.e4 e5
2.f4 exf4
3.Ng1f3 f6
4.Bf1c4 Nb8c6
5.d4 Nc6a5
6.Bc4d3 g5
7.e5 h6
8.Bd3g6 Ke7
9.O-O Bf8g7
10.exf6 Ng8xf6
11.Qd1e1 Kf8
12.Qe1xa5 d6
13.c4 b6
14.Qa5a3 Bc8b7
15.Nf3e5 Qd8e7
16.Ne5f3 Nf6d7
17.Rf1e1 Qe7f6
18.Bg6h5 Qf6f5
19.h3 Bg7f6
20.Nb1c3 c5
21.Nc3b5 Bf6e7
22.Bh5g4 Qf5c2
23.Bg4xd7 a6
24.Nb5c7 Ra8a7
25.Nc7e6 Kf7
26.Qa3c3 Qc2h7
27.d5 b5
28.Re1e2 Be7f6
29.Qc3c2 Qh7g8
30.Ne6xg5 hxg5
31.Bd7e6 Kg7
32.Be6xg8 Rh8xg8
33.Bc1d2 Bb7c8
34.Bd2c3 Bf6xc3
35.Qc2xc3 Kh6
36.Ra1e1 Rg8g7
37.Qc3f6 Rg7g6
38.Qf6h8 { resign }
1-0

[Event "Tourn. n9452"]
[Site "www.chess-mail.com"]
[Date "2017.10.05"]
[Round "1"]
[White "Passaroa25"]
[Black "Osopanda"]
[WhiteElo "1680"]
[BlackElo "1620"]
[Result "0-1"]
[Round "1"]
1.e4 d6
2.c3 e5
3.Ng1e2 Ng8f6
4.Ne2g3 c6
5.f3 Bc8e6
6.Ng3f5 Be6xf5
7.exf5 Nb8d7
8.g4 Bf8e7
9.d3 O-O
10.Bf1e2 Qd8c7
11.Bc1e3 d5
12.Be3f2 Rf8d8
13.Nb1d2 e4
14.dxe4 dxe4
15.Nd2xe4 Nf6xe4
16.O-O Ne4xf2
17.Rf1xf2 Be7c5
18.Be2c4 b5
19.Bc4b3 a5
20.a3 b4
21.Kg2 Bc5xf2
22.Kxf2 Qc7xh2
23.Ke3 Nd7c5
24.Qd1e2 Qh2xe2
25.Kxe2 Nc5xb3
26.Ra1d1 Rd8xd1
27.Kxd1 bxa3
28.bxa3 a4
29.Kc2 Ra8e8
30.Kd3 c5
31.c4 Nb3d4
32.f4 f6
33.Kc3 Nd4e2
34.Kd2 Ne2xf4
{ resign }
0-1